Taylor Swift - Les Vault Tracks de Red (Taylor's Version) - Statistiques

Statistiques générales
  • Ce quiz a été pris 49 fois
  • Le résultat moyen est 8 sur 9
Statistiques - réponses
Hint Réponse % Correct
Red (Taylor's Version) All Too Well (10 Minute Version)
94%
Red (Taylor's Version) Babe
91%
Red (Taylor's Version) Message in a Bottle
91%
Red (Taylor's Version) I Bet You Think About Me (ft. Chris Stapleton)
89%
Red (Taylor's Version) Run
89%
Red (Taylor's Version) Nothing New (ft. Phoebe Bridgers)
83%
Red (Taylor's Version) Forever Winter
80%
Red (Taylor's Version) The Very First Night
80%
Red (Taylor's Version) Better Man
77%
Aucun quiz correspondant
Distribution des résultats
% des personnes avec chaque résultat
Percentile par nombre de réponses
Votre historique - résultats
Vous n’avez pas pris ce quiz